1273 1877 1074 1055 1320 1790 1153 1417 1405 1987 1337 1789 1231 1063 1138 1462 1034 1202 1398 1368 1313 1488 1918 1149 1098 1539 1831 1535 1758 1585 1411 1309 1385 1555 1769 1502 1081 1549 1897 1321 1833 1431 1188 1724 1564 1843 1356 1421 1663 1525 1900 1514 1018 1981 1760 1911 1162 1255 1306 1297 1288 1846 1291 1385 1243 1386 1938 1125 1963 1871 1408 1315 1122 1921 1549 1299 1358 1481 1412 1604 1777 1800 1891 1671 1030 1576 1323 1008 1461 1874 1147 1848 1318 1155 1196 1386 1750 1688 1110 BCNSPRNW ULIB Ver.6.0+V

เปลี่ยนเป็นภาษาไทย

Change to English
 แสดงรายละเอียดบรรณานุกรม
  กลับหน้าหลัก

Brief Record : Get Marc (ISO 2709) : E-mail record : QR code < ปิดหน้าต่าง
LEADER : 00000nam 2200000uu 4500
001    13399108515
003     ULIB
008    110306s2544||||th 000 0 tha d
020    9748369838
060 04 QV766^bร632ส 2544
245 00 สมุนไพรยาไทยที่ควรรู้ /^cบรรณาธิการ รุ่งระวี เต็มศิริฤกษ์กุล ... [และคนอื่นๆ]
250    พิมพ์ครั้งที่ 2
260    กรุงเทพฯ :^bอมรินทร์ พริ้นติ้งแอนด์พับลิชชิ่ง,^c2544
300    176 หน้า :^bภาพประกอบ ;^c21 ซม.
440  0 สมุนไพรเพื่อชีวิต
500    ฉบับพิมพ์ครั้งที่ 2 (2544) จำนวนหน้าและเลข ISBN เดิมจัดพิมพ์เป็นกรณีพิเศษที่ระลึักในงานพระราชทานเพลิงศพนางสมบุญ ริ้วไสว (ริ้วไพบูลย์) เป็นกรณีพิเศษ ณ เมรุวัดงิ้วราย ตำบลงิ้วราย อำเภอนครชัยศรี จังหวัดนครปฐม วันอาทิตย์ที่ 7 มกราคม พ.ศ.2544 และ งานพระราชทานดินฝังศพนายอู่แสง สุนทรเจริญนนท์ วันที่ 9 ตุลาคม 2546
500    ฉบับพิมพ์ครั้งพิเศษ(2545)จัดพิมพ์เนื่องในงานพระราชทานเพลิงศพนายวัฒนา ชานนท์ เป็นกรณีพิเศษ วันที่ 30 กันยายน พ.ศ. 2545
600 07 สมบุญ ริ้วไสว,^d2458-2543
600 07 วัฒนา ชานนท์,^d2462-2545
600 07 อู่แสง สุนทรเจริญนนท์,^d2463-2546
650  7 พฤกษศาสตร์
650  7 ยาแผนโบราณ
650  7 สมุนไพร^xการใช้รักษา
650  7 หนังสืออนุสรณ์งานศพ
700 0  รุ่งระวี เต็มศิริฤกษ์กุล,^eบรรณาธิการ
710 2  มหาวิทยาลัยมหิดล. ^bคณะเภสัชศาสตร์
945    ^p150^l0^i020789
995    ทศพร
999 ^a ใช้งานได้ทุกระบบ
รายการนี้ยังไม่มีแท็ก
คุณยังไม่ได้ล็อกอิน คุณสามารถมีกิจกรรมร่วมกับเว็บไซต์ได้ แต่ต้องล็อกอินก่อน ::
  ล็อกอิน

รายการสื่อสารสนเทศ

ลำดับที่ ประเภท เลขเรียก/บาร์โค้ด สถานที่ สถานะ
- ไม่พบข้อมูล -

รายการใกล้เคียง
    หัวเรื่อง [พฤกษศาสตร์]
    หัวเรื่อง [ยาแผนโบราณ]
    หัวเรื่อง [หนังสืออนุสรณ์งานศพ]

BibComment


ยังไม่เคยถูกคอมเมนท์

คอมเมนท์ทรัพยากรรายการนี้
  คอมเมนท์: สมุนไพรยาไทยที่คว..


 Copyright 2026. Bcnsprnw @Library